Phân tích tài chính và tài trợ doanh nghiệp /
Cuốn sách được chia làm 2 phần:
में बचाया:
| मुख्य लेखक: | |
|---|---|
| अन्य लेखक: | |
| स्वरूप: | पुस्तक |
| भाषा: | Vietnamese |
| प्रकाशित: |
H. :
Thống kê ,
1995
|
| संस्करण: | In lần thứ 1 |
| विषय: | |
| टैग : |
टैग जोड़ें
कोई टैग नहीं, इस रिकॉर्ड को टैग करने वाले पहले व्यक्ति बनें!
|
| Thư viện lưu trữ: | Thư viện Trường CĐ Kỹ Thuật Cao Thắng |
|---|
| LEADER | 00941nam a2200241 a 4500 | ||
|---|---|---|---|
| 001 | TVCDKTCT11265 | ||
| 003 | Thư viện trường Cao đẳng Kỹ thuật Cao Thắng | ||
| 005 | 20090827000000 | ||
| 008 | 090827 | ||
| 980 | \ | \ | |a Thư viện Trường CĐ Kỹ Thuật Cao Thắng |
| 024 | |a RG_1 #1 eb0 i1 | ||
| 041 | 0 | # | |a vie |
| 082 | # | # | |a 658.15 / |b PH104v-p |
| 100 | 1 | # | |a Phạm Việt Hòa |
| 245 | 0 | 0 | |a Phân tích tài chính và tài trợ doanh nghiệp / |c Phạm Việt Hòa, Vũ Mạnh Thắng |
| 250 | # | # | |a In lần thứ 1 |
| 260 | # | # | |a H. : |b Thống kê , |c 1995 |
| 300 | # | # | |a 130tr. ; |c 20cm |
| 520 | # | # | |a Cuốn sách được chia làm 2 phần: |
| 520 | # | # | |a Phần 1: Phần tích tài chính doanh nghiệp |
| 520 | # | # | |a Phần 2: Các yếu tố về quản lý theo dự kiến |
| 650 | # | 4 | |a Tài chính doanh nghiệp |
| 700 | 0 | # | |a Vũ Mạnh Thắng |